Central Library OPAC University of Rajshahi

Company administration handbook / (Record no. 59508)

MARC details
000 -LEADER
fixed length control field 00963nam a2200277 a 4500
001 - CONTROL NUMBER
control field 59508
003 - CONTROL NUMBER IDENTIFIER
rucl marc code BD-RjUL
005 - DATE AND TIME OF LATEST TRANSACTION
control field 20211209080735.0
008 - FIXED-LENGTH DATA ELEMENTS--GENERAL INFORMATION
fixed length control field 161226s1980 enka b 001 0 eng
020 ## - INTERNATIONAL STANDARD BOOK NUMBER
International Standard Book Number 0566021544 :
Terms of availability £19.50
035 ## - SYSTEM CONTROL NUMBER
System control number (BD-RjUL)59632
040 ## - CATALOGING SOURCE
Original cataloging agency DLC
Transcribing agency DLC
Modifying agency BD-RjUL
Language of cataloging eng
041 ## - LANGUAGE CODE
Language code of text/sound track or separate title eng
082 00 - DEWEY DECIMAL CLASSIFICATION NUMBER
Classification number 658.0941
Edition number 23
Author mark and year COM 1980
245 00 - TITLE STATEMENT
Title Company administration handbook /
250 ## - EDITION STATEMENT
Edition statement 4th ed.
260 ## - PUBLICATION, DISTRIBUTION, ETC. (IMPRINT)
Place of publication, distribution, etc. Farnborough, Hants. :
Name of publisher, distributor, etc. Gower Press,
Date of publication, distribution, etc. 1980.
300 ## - PHYSICAL DESCRIPTION
Pagination xxiii, 802 p. :
Illustrations ill. ;
Size 24 cm.
500 ## - GENERAL NOTE
General note "Supplement to fourth edition" 7 p. inserted.
504 ## - BIBLIOGRAPHY, ETC. NOTE
Bibliography, etc Includes bibliographical references and index.
650 #0 - SUBJECT ADDED ENTRY--TOPICAL TERM
Topical term or geographic name as entry element Industrial management
Geographic subdivision Great Britain
General subdivision Handbooks, manuals, etc.
9 (RLIN) 177004
Topical term or geographic name as entry element Corporation law
Geographic subdivision Great Britain
General subdivision Handbooks, manuals, etc.
9 (RLIN) 177005
Topical term or geographic name as entry element Corporation secretaries
Geographic subdivision Great Britain
General subdivision Handbooks, manuals, etc.
9 (RLIN) 177006
942 ## - ADDED ENTRY ELEMENTS (KOHA)
Source of classification or shelving scheme Dewey Decimal Classification
Koha item type Books
Holdings
Lost status Source of classification or shelving scheme Damaged status Not for loan Collection code Permanent Location Current Location Shelving location Date acquired Total Checkouts Full call number Date last seen Copy number Koha item type
  Dewey Decimal Classification   Not For Loan Non-fiction Central Library, University of Rajshahi Central Library, University of Rajshahi Reading Room 17/05/1995   658.0941 COM 1980 26/12/2016 C-1 Books